Report del govern / Generalitat de Catalunya
Descripción Física:
2 v. ; 22 cm
MARC
| LEADER | 00000nam a2200000Ia 4500 | ||
|---|---|---|---|
| 001 | 519, 520 | ||
| 008 | 160829s1932 xx 000 0 cat d | ||
| 080 | |a M-2-103, M-2-104 | ||
| 110 | 1 | |a Catalunya. |b Generalitat |9 12125 | |
| 245 | |a Report del govern / Generalitat de Catalunya | ||
| 260 | |a Barcelona : |b Imp. de la Casa de Caritat, |c 1932 | ||
| 300 | |a 2 v. ; |c 22 cm | ||
| 590 | |a Conté: v. 1: Decrets de la Presidència, acords de la Diputació, acords del Consell; v. 2: Acords del Consell. | ||
| 590 | |a Hi ha un duplicat de cada vol.: DUP-229 i DUP-230 | ||
| 651 | 0 | |9 54416 |a Catalunya |x Legislació | |
| 651 | 0 | |a Catalunya |x Història |y 1931-1939, Segona República |9 53541 | |
| 710 | |a Casa de Caritat (Barcelona, Catalunya) |9 52406 | ||
| 901 | |a Arxiu | ||
| 942 | |n 1 |2 udc |c ARXIU | ||
| 952 | |0 0 |1 0 |4 0 |6 M2103_M2104 |7 1 |9 42611 |a Arxiu |b Arxiu |d 2016-12-01 |l 0 |o M-2-103, M-2-104 |p 519, 520 |r 2016-12-01 00:00:00 |w 2016-12-01 |y ARXIU | ||
| 952 | |0 0 |1 0 |4 0 |6 PDL |7 1 |9 63866 |a Arxiu |b Arxiu |d 2022-09-09 |l 0 |o PDL |p 26778 |r 2022-09-09 00:00:00 |w 2022-09-09 |y ARXIU | ||
| 999 | |c 45116 |d 45116 | ||